Statistiche per Giocatori più costosi di ogni stagione

Clicka qui per fare il quiz!

Statistiche generali

  • Questo quiz è stato fatto 140 volte
  • Il punteggio medio è 11 su 24

Statistiche sulle risposte

STAGIONEGIOCATOREPREZZOCOMPRATO DA% Corretto
09-10RONALDO94REAL MADRID
95%
18-19MBAPPE180PSG
94%
17-18NEYMAR222PSG
94%
19-20JOAO FELIX127ATL MADRID
76%
22-23ENZO FERNANDEZ121CHELSEA
68%
21-22GREALISH117MAN CITY
68%
16-17POGBA105MAN UTD
67%
13-14BALE100REAL MADRID
63%
14-15SUAREZ81BARCELLONA
61%
12-13THIAGO SILVA42PSG
52%
04-05DROGBA38CHELSEA
51%
15-16DE BRUYNE76MAN CITY
48%
01-02ZIDANE77REAL MADRID
45%
00-01FIGO60REAL MADRID
44%
99-00VIERI46INTER
35%
20-21HAVERTZ80CHELSEA
33%
03-04BECKHAM37REAL MADRID
30%
07-08TORRES38LIVERPOOL
24%
10-11TORRES58CHELSEA
24%
11-12PASTORE42PSG
18%
06-07SHEVCHENKO43CHELSEA
13%
02-03FERDINAND46MAN UTD
9%
05-06ESSIEN38CHELSEA
6%
08-09ROBINHO43MAN CITY
5%

Distribuzione punteggi

Percentile per numero di risposta

Percentuale di utenti per punteggio

I tuoi punteggi nel tempo

Non hai fatto questo quiz